| 000 | 00749nam a22002177a 4500 | ||
|---|---|---|---|
| 003 | 0 | ||
| 005 | 20250926135247.0 | ||
| 008 | 250926b xxu||||| |||| 00| 0 eng d | ||
| 020 | _a978-1-98469-428-7 | ||
| 050 |
_aTX 911.3.C65 _b.W35 2025 |
||
| 100 |
_aWalker, Joseph, _eauthor. |
||
| 245 |
_aConsumer preferences in sustainable accommodations / _cJoseph Walker. |
||
| 260 |
_aNew York, NY : _b3G E-Learning LLC, _c2025. |
||
| 300 |
_axix, 293 pages : _bcolored illustrations ; _c26 cm. |
||
| 504 | _aIncludes bibliographical references and index. | ||
| 650 | _aSustainable tourism. | ||
| 650 |
_aHotels _xEnvironmental aspects. |
||
| 650 |
_aConsumers _xPreferences. |
||
| 650 |
_aHospitality industry _xEnvironmental aspects. |
||
| 942 |
_2lcc _cBK |
||
| 999 |
_c368111 _d368111 |
||